Bad Bunny - DeBÍ TiRaR MáS FOToS Album - Statistics

General Stats
  • This quiz has been taken 1,159 times
  • The average score is 12 of 17
Answer Stats
# Track Name % Correct
16 DtMF
95%
1 NUEVAYoL
88%
3 BAILE INoLVIDABLE
85%
15 EoO
78%
17 LA MuDANZA
72%
2 VOY A LLeVARTE PA PR
72%
11 TURiSTA
71%
6 VeLDÁ
71%
12 CAFé CON RON
69%
4 PERFuMITO NUEVO
67%
5 WELTiTA
67%
9 BOKeTE
66%
7 EL CLúB
65%
10 KLOuFRENS
64%
14 LO QUE LE PASÓ A HAWAii
60%
13 PIToRRO DE COCO
59%
8 KETU TeCRÉ
55%
No matching quizzes found
Score Distribution
Percent of People with Each Score
Percentile by Number Answered
Your Score History
You have not taken this quiz